| 000 | 00940nam a2200289 a 4500 | ||
|---|---|---|---|
| 003 | AR-BaBNM | ||
| 005 | 20251128203651.0 | ||
| 008 | 082120s2002 ||||||||||||||000 | spa|| | ||
| 040 | _cAR-BaBNM | ||
| 100 | 1 | _aComerci, Santiago M. | |
| 245 | 0 | 0 |
_aArqueología antártica _blos trabajos de la República Argentina en la Isla Cerro Nevado durante las campañas antárticas 1979-80 y 1980-81 |
| 260 |
_aBuenos Aires _bDirección Nacional del Antártico _c1983 |
||
| 300 |
_a25 p. _bil., lams., gráfs. |
||
| 490 | 0 |
_aInstituto Antártico Argentino _vv. 291 |
|
| 650 | 4 | _aREGIONES POLARES | |
| 650 | 4 | _aZONAS CLIMATICAS | |
| 650 | 4 | _aOCEANOGRAFIA | |
| 650 | 4 | _aEXPEDICIONES CIENTIFICAS | |
| 650 | 4 | _aEXPLORACION OCEANICA | |
| 650 | 4 | _aINVESTIGACION CIENTIFICA | |
| 650 | 4 | _aEXPLORACION DE RECURSOS | |
| 650 | 4 | _aINTERPRETACION ARQUEOLOGICA | |
| 650 | 4 | _aARQUEOLOGIA | |
| 651 | 4 | _aAntártida | |
| 942 | _cBK | ||
| 998 | _cmariana | ||
| 999 |
_c4399 _d4399 |
||